000
nam a22 7a 4500
999
_c
234689
_d
234689
003
Nust
005
20170329131308.0
008
170329b xxu||||| |||| 00| 0 eng d
040
_c
DLC
082
_a
891.4391 KHA
100
_a
خان،مولانا ظفر علی
245
_a
نگارستان
260
_a
Lahore :
_b
Alfaisal ,
300
_a
208p. :
942
_2
ddc
_c
BK